008900000a22002170004500003001100000008004100011040003900052041000800091082001500099111013100114245010500245260008800350300003400438650002100472650002100493650002100514700002500535942000700560952009000567999001500657LK-CoMWRAF230817t1988 ||||| |||| 00| 0 eng d aLK-CoMWRAFdLK-CoMWRAFeLK-CoMWRAF aeng a331.8bUND aUNDERSTANDING INTERNATIONALISATION AND INTERNATIONAL SOLIDARITYc( Institute of Social Studies, Hague,d14-15th November 1987) aThe old internationalism and the new:ba reader on labour, new social movements and internationalism aHague:bInternational Labour Education, Research and Information Foundation, c1988 a180 p.bBibliography included aINTERNATIONALISM aSocial movements aLabour movements aWaterman, Petereed. cCP 00104070aMAINbMAINd2023-08-17l0o331.8 UNDpRAF3830r2023-08-17w2023-08-17yCP c2975d2975